| 000 | 00615cam a2200229 4500 | ||
|---|---|---|---|
| 001 | ABS68006 | ||
| 008 | 040730n2004 000 0 eng u | ||
| 035 | _a(Sirsi) u126992 | ||
| 245 | _aFocus 1: Staffordshire | ||
| 260 | _c2004 | ||
| 490 |
_aEstates Gazette _v(0428) 17 July 2004, 67-77(7) |
||
| 590 | _aABS | ||
| 590 | _aABS | ||
| 650 | _aSTAFFORDSHIRE | ||
| 650 | _aSTOKE ON TRENT | ||
| 650 | _aM6 TOLL | ||
| 650 | _aINDUSTRIAL MARKET | ||
| 650 | _aMIDLANDS | ||
| 650 | _aPROPERTY-COMMERCIAL PROPERTY-RETAIL PROPERTY-RETAIL PROPERTY MARKET | ||
| 690 | _aCOMMERCIAL PROPERTY-MARKET | ||
| 942 | _n0 | ||
| 999 |
_c117804 _d117804 |
||